000 00662nam a2200241Ia 4500
003 OSt
005 20230324151828.0
008 210423s2005 xx 000 0 und d
020 _a97823259460
040 _cAL
041 _aeng
082 _a330.0151
_223
_bCHIA
100 _aCHIANG (Alpha C);WAINWRIGHT (Kevin)
_977558
245 _aFundamental methods of mathematical economics
250 _a4
260 _aNew Delhi
_bOxford University Press
_c2005
300 _axix,688
_bPB
365 _b359
_cINR
650 _aEconomics
_977559
650 _aEconomics
_977559
906 _aeconomics ; Fundamental ; mathematical ; methods
942 _2ddc
_cBK
999 _c155852
_d155852